| 000 | 00592na a2200205 4500 | ||
|---|---|---|---|
| 001 | 18589 | ||
| 003 | MIRAKIL | ||
| 005 | 20181213155040.0 | ||
| 008 | 161122b tu 000 0 | ||
| 040 |
_aMilas _btur _cTR-AnCHP |
||
| 041 |
_atur _agre |
||
| 082 |
_a956.22 _bG75 2008 |
||
| 090 | _a956.22 G75 2008 | ||
| 245 |
_aGönlümüzdeki İskeçe _cderleyen: Sabriye Kasım Delioğlu |
||
| 260 |
_aİskeçe _bİskeçe Türk Birliği _c2008 |
||
| 300 |
_a164 s. _bfotğ. _c23 sm. |
||
| 651 |
_aYunanistan (İskeçe) _xfotoğraflar |
||
| 700 | _aDelioğlu, Sabriye Kasım | ||
| 942 |
_2ddc _cBKS |
||
| 999 |
_c5559 _d5559 |
||